| 000 | 00823nam a2200217 i 4500 | ||
|---|---|---|---|
| 001 | 75097 | ||
| 003 | ES-MaACL | ||
| 005 | 20250927103014.0 | ||
| 007 | t| | ||
| 008 | 040922s1905 fr ||||1| fre d | ||
| 100 | 1 |
_aGor'kiï, Maksim. _959128 |
|
| 245 | 1 | 2 |
_aL'angoisse (une page de la vie d'un meunier) et autres nouvelles / _cMáximo Gorki (seud.) ; traduites par S. Kikina et P.G. La Chesnais. |
| 250 | _a4ème ed. | ||
| 260 |
_aParis : _bSociété du Mercure de France, _c1905 ( _ePoitiers : _fBlais et Roy) |
||
| 300 |
_a247 p. ; _c19 cm. |
||
| 505 | 8 | _aContiene: L'angoisse . Le mauvais farceur . La sortie . Par ennui . Boles . Vaska le rouge . Le lecleur. | |
| 700 | 1 |
_aKikina, S. _968023 |
|
| 700 | 1 |
_aLa Chesnais, Pierre Georget, _d1865-1948 _970386 |
|
| 852 |
_aES-MaACL _jF-9544 |
||
| 999 |
_c75097 _d75097 |
||